|
|
|
|
| LEADER |
02206nam a22003617a 4500 |
| 001 |
34906 |
| 003 |
BD-DhAAL |
| 005 |
20230126104818.0 |
| 008 |
190725r20171996bg ||||| |||| 00| 1dben d |
| 020 |
|
|
|a 9844460409
|
| 020 |
|
|
|a 9789849293224
|
| 040 |
|
|
|a BD-DhAAL
|
| 041 |
|
|
|a ben
|
| 082 |
|
|
|2 23
|a 891.44371
|
| 100 |
|
|
|a ওয়ালীউল্লাহ, সৈয়দ
|9 33155
|
| 245 |
|
|
|a গল্পসমগ্র /
|c সৈয়দ ওয়ালীউল্লাহ
|
| 246 |
|
|
|a Galpo samagra (collected stories)
|
| 260 |
|
|
|a ঢাকা :
|b প্রতীক প্রকাশনা সংস্থা;
|b জোনাকী প্রকিশনী,
|c ১৯৯৬ [ষষ্ঠ মুদ্রণ ২০১৭];
|c ২০২১
|
| 300 |
|
|
|a ৩১৯ পৃষ্ঠা,
|a ৪৩২ পৃষ্ঠা ;
|b চিএ :
|c ২২ সে.মি.
|
| 504 |
|
|
|a গ্রন্থপঞ্জিগত নির্দেশিকা অন্তভূক্ত
|
| 526 |
|
|
|a Residential Campus
|
| 541 |
|
|
|a Development Book Agency
|e 34906, 35018, 40740
|
| 600 |
|
|
|a ওয়ালীউল্লাহ, সৈয়দ,
|d ১৯২২- ১৯৭১
|9 33156
|
| 650 |
|
|
|a Bengali fiction
|z Bangladesh.
|9 33157
|
| 650 |
|
|
|a Bengali literature.
|
| 650 |
|
|
|a Bengali essays.
|
| 852 |
|
|
|a Savar Campus Library
|c General Stacks
|
| 942 |
|
|
|2 ddc
|c BK
|
| 999 |
|
|
|c 40976
|d 40976
|
| 952 |
|
|
|0 0
|1 0
|2 ddc
|4 0
|6 891_443710000000000_WAL
|7 0
|9 65752
|a BRACUL
|b BRACUL
|c GEN
|d 2019-07-17
|e Development Book Agency
|g 308.00
|l 15
|m 74
|o 891.44371 WAL
|p 3010035018
|r 2025-10-23
|s 2025-09-03
|t 2
|v 308.00
|w 2019-07-17
|y BK
|
| 952 |
|
|
|0 0
|1 0
|2 ddc
|4 0
|6 891_443710000000000_WAL
|7 0
|9 65869
|a SCL
|b SCL
|c GEN
|d 2019-07-24
|e Development Book Agency
|g 308.00
|l 0
|o 891.44371 WAL
|p 3020034906
|r 2022-12-04
|t 1
|v 308.00
|w 2019-07-24
|y BK
|
| 952 |
|
|
|0 0
|1 0
|2 ddc
|4 0
|6 891_443710000000000_WAL
|7 0
|9 72903
|a SCL
|b SCL
|c GEN
|d 2023-01-15
|e Development Book Agency
|g 553.00
|l 6
|m 2
|o 891.44371 WAL
|p 3020040739
|r 2026-04-23
|s 2025-10-16
|t 1
|v 553.00
|w 2023-01-15
|y BK
|
| 952 |
|
|
|0 0
|1 0
|2 ddc
|4 0
|6 891_443710000000000_WAL
|7 0
|9 72904
|a SCL
|b SCL
|c GEN
|d 2023-01-15
|e Development Book Agency
|g 553.00
|l 2
|m 6
|o 891.44371 WAL
|p 3020040740
|r 2024-01-24
|s 2024-01-21
|t 2
|v 553.00
|w 2023-01-15
|y BK
|